Vista normal
Vista MARC
Entrada Materia (personas)
Número de registros utilizados en: 2
001 - CONTROL NUMBER
- control field: 95168
003 - CONTROL NUMBER IDENTIFIER
- control field: Co-BoUCM
005 - DATE AND TIME OF LATEST TRANSACTION
- control field: 20190122091213.0
008 - FIXED-LENGTH DATA ELEMENTS
- fixed length control field: 190122|| aca||aabn | a|a d
040 ## - CATALOGING SOURCE
- Original cataloging agency: Co-BoUCM
- Transcribing agency: Co-BoUCM
100 ## - HEADING--PERSONAL NAME
- Personal name: Hopenhayn, Martín
670 ## - SOURCE DATA FOUND
- Source citation: Work cat.: (Co-BoUCM)38568: Max-Neef, Manfred A. 85853, Desarrollo a escala humana, 2006